Add an 'E' Quiz Stats

Quiz Updated Jan 19, 2012

Also try: Add an 'F'
Challenge
Share
Tweet
Embed
Score 0/20 Timer 05:00
1 Play Today
Before Hint Answer % Correct
A short conversationChat -> Cheat
97.1%
A bush or a fernPlant -> Planet
96.8%
Daddy, papa, padre...Father -> Feather
82.9%
To discoverFind -> Fiend
76.9%
A home for lions or thievesDen -> Eden
76.2%
To study at the last minute (slang)Cram -> Cream
74.6%
The front of the lower legShin -> Shine
74.5%
HistoryPast -> Paste
63.2%
Young boyLad -> Lead
61.3%
An adult male deerStag -> Stage
59.8%
Before Hint Answer % Correct
Pull with effortLug -> Luge
50.4%
DuctVent -> Event
50.1%
A long long way to runFar -> Fear
48.7%
To startGo -> Ego
38.5%
A fruit or a ProfessorPlum -> Plume
37.9%
To prohibit legallyBan -> Bane
37.7%
Gruff, rude, or ill-temperedSurly -> Surely
27%
To measureSize -> Seize
11.8%
A group sharing common interests or characteristicsClan -> Clean
8.7%
A portable containerCase -> Cease
8.1%

You're not logged in!

Compare scores with friends on all Sporcle quizzes.
Join for Free
OR
Log In

You Might Also Like...

Show Comments

Extras

Top Quizzes Today


Score Distribution

Your Account Isn't Verified!

In order to create a playlist on Sporcle, you need to verify the email address you used during registration. Go to your Sporcle Settings to finish the process.

Report this User

Report this user for behavior that violates our Community Guidelines.

Details: